000 00627nam a2200229 a 4500
001 BRCA_5620
005 20190320205144.0
008 210211t1937----u--a######---#000-0#eng-#
041 _aeng
044 _au
050 4 _aNK2406
_b.M55 1937
100 1 _aMiller, Edgar G.
_914321
245 1 0 _aAmerican Antique Furniture
_ba Book for Amateurs
_cEdgar G. Miller.
260 _aBaltimore
_bLord Baltimore
_c1937
300 _a2 v.
_bil.
_c29 cm.
500 _aIncluye índice de láminas
501 _aF98
650 1 4 _aMuebles estadounidenses
_914322
650 1 4 _aMuebles
_xHistoria
_94173
902 _aGFM
942 _2lcc
_cB
999 _c5314
_d5314